Detached low energy house

Salvato in:
Dettagli Bibliografici
Autore principale: Hudzík, Marek, 1988- (Autore)
Altri autori: Minarovičová, Katarína, 1968- (Relatore della tesi)
Natura: Manoscritto Libro
Lingua:inglese
Pubblicazione: Bratislava : STU v Bratislave SvF, 2010
Soggetti:
Accesso online:VAIS
Tags: Aggiungi Tag
Nessun Tag, puoi essere il primo ad aggiungerne!!

MARC

LEADER 00000ntm a22000003a 4500
001 stu216432
005 20160721135415.2
008 101113s2010----xo------------------eng-d
040 |a STU  |b slo 
041 0 |a eng 
044 |a xo 
100 1 |a Hudzík, Marek,  |d 1988-  |4 aut  |X 52264  |7 A000052264 
242 0 0 |a Nízkoenergetický rodinný dom  |y slo 
245 1 |a Detached low energy house 
260 |a Bratislava :  |b STU v Bratislave SvF,  |c 2010 
650 7 |a stavebné inžinierstvo  |2 stusub 
650 7 |a Civil Engineering  |2 estusub 
700 1 |a Minarovičová, Katarína,  |d 1968-  |4 ths  |u V180  |U SvF Stavebná fakulta  |T SvF Katedra konštrukcií pozemných stavieb  |X 773  |U V180  |Y 18  |7 A000000773 
856 4 |a info a plný text  |u http://is.stuba.sk/zp/portal_zp.pl?podrobnosti=53143  |3 VAIS